Länder Europas nach Buchstaben A-F - Statistiken

Allgemein
  • Dieses Quiz wurde 173 mal gespielt
  • Das Durchschnittsergebnis liegt bei 11 aus 11
Antwortstatistiken
- Land % Korrekt
A Albanien
99%
B Belgien
99%
D Dänemark
99%
D Deutschland
99%
E Estland
97%
F Frankreich
97%
A Andorra
96%
B Bulgarien
95%
F Finnland
95%
B Bosnien und Herzegowina
91%
B Belarus
90%
Keine übereinstimmenden Quizze gefunden
Verteilung der Resultate
Anzahl Personen mit jedem Resultat
Perzentil nach korrekt beantworteten Fragen
Ihre Resultats-Entwicklung
Sie haben dieses Quiz noch nicht gespielt